Kvalitatívny výskum finančnej gramotnosti študentov

Charakteristika finančnej gramotnosti podľa Národného štandardu finančnej gramotnosti. Finančná gramotnosť študentov stredných škôl. Výsledky výskumu uskutočneného v roku 2017.

Na minha lista:
Detalhes bibliográficos
Autor principal: Lukáč, Jozef, 1991-
Formato: Capítulo de Livro
Idioma:eslovaco
Assuntos:
Tags: Adicionar Tag
Sem tags, seja o primeiro a adicionar uma tag!

MARC

LEADER 00000naa$a2200000$$$4500
001 0248123
005 20240502073953.0
041 0 |a slo 
044 |a SK 
245 1 0 |a Kvalitatívny výskum finančnej gramotnosti študentov  |c Jozef Lukáč 
520 |a Charakteristika finančnej gramotnosti podľa Národného štandardu finančnej gramotnosti. Finančná gramotnosť študentov stredných škôl. Výsledky výskumu uskutočneného v roku 2017. 
610 2 0 |a gramotnosť finančná 
610 2 0 |a financie 
610 2 0 |a vzdelávanie 
610 2 0 |a školy stredné 
610 2 0 |a študenti 
610 2 0 |a výskum kvalitatívny 
100 1 |a Lukáč, Jozef, 1991-